1000 riešení

Na minha lista:
Detalhes bibliográficos
Formato: Periódico
Idioma:eslovaco
Publicado em: Žilina Poradca 2009
Assuntos:
Tags: Adicionar Tag
Sem tags, seja o primeiro a adicionar uma tag!

MARC

LEADER 00000nas2a2200000 4500
001 0165083
005 20130205143405.5
022 |a 1335-4159 
041 0 |a slo 
044 |a SK 
245 1 0 |a 1000 riešení 
264 1 |a Žilina  |b Poradca  |c 2009 
773 0 |w eu_un_cat*s121885 
610 2 0 |a hospodárenie finančné 
610 2 0 |a hospodárenie podnikové